| Tag |
First Indicator |
Second Indicator |
Subfields |
| LEADER |
00000cam a2200000 a 4500 |
| 001 |
in00000010510 |
| 005 |
20151007051401.0 |
| 008 |
870925s1986 enka b 00110 eng |
| 010 |
|
|
|a 86223026
|
| 020 |
|
|
|a 0852747926 :
|c £19.50
|
| 035 |
|
|
|a (OCoLC)16867244
|
| 035 |
|
|
|9 AAA2721AM
|
| 040 |
|
|
|a DLC
|c DLC
|d TXA
|d UtOrBLW
|
| 049 |
|
|
|a TXAM
|c [A11027282]
|
| 050 |
0 |
0 |
|a QC374
|b .W66 1986
|
| 082 |
0 |
|
|a 621.36/6
|2 19
|
| 100 |
1 |
|
|a Wood, Roger M.
|
| 245 |
1 |
0 |
|a Laser damage in optical materials /
|c Roger M. Wood.
|
| 264 |
|
1 |
|a Bristol ;
|a Boston :
|b A. Hilger,
|c [1986]
|
| 264 |
|
4 |
|c ©1986
|
| 300 |
|
|
|a xv, 131 pages :
|b illustrations ;
|c 24 cm.
|
| 336 |
|
|
|a text
|b txt
|2 rdacontent
|
| 337 |
|
|
|a unmediated
|b n
|2 rdamedia
|
| 338 |
|
|
|a volume
|b nc
|2 rdacarrier
|
| 490 |
1 |
|
|a The Adam Hilger series on optics and optoelectronics
|
| 504 |
|
|
|a Bibliography: pages 124-128.
|
| 500 |
|
|
|a Includes index.
|
| 650 |
|
0 |
|a Optical materials
|x Effect of radiation on.
|
| 650 |
|
0 |
|a Laser beams.
|
| 830 |
|
0 |
|a Adam Hilger series on optics and optoelectronics.
|
| 999 |
|
|
|a MARS
|
| 999 |
f |
f |
|s a872a363-2cb8-3358-8b5f-3ffacb75b82b
|i 77c66553-4529-3634-a7c4-6a7670babe4d
|t 0
|
| 952 |
f |
f |
|p normal
|a Texas A&M University
|b College Station
|c Sterling C. Evans Library
|d Evans: Library Stacks
|t 0
|e QC374 W66 1986
|h Library of Congress classification
|i unmediated -- volume
|m A14811027282
|
| 998 |
f |
f |
|a QC374 W66 1986
|t 0
|l Evans: Library Stacks
|